| 000 | 00849cam a2200265 a 4500 | ||
|---|---|---|---|
| 001 | 2089673 | ||
| 005 | 20180309035408.0 | ||
| 008 | 951030s1996 enk b 001 0 eng | ||
| 010 | _a 95046689 | ||
| 020 | _a052156140X (hc) | ||
| 020 | _a0521567602 (pbk.) | ||
| 035 | _a(DLC)2089673 | ||
| 035 | _a(DLC)95046689 | ||
| 040 |
_aDLC _cDLC _dDLC |
||
| 041 | _aeng | ||
| 080 | _a179.3 | ||
| 082 | 0 | 0 |
_a179.3 DEG _220 |
| 100 | 1 | _a50 | |
| 101 | _aSOC | ||
| 245 | 1 | 0 |
_aTaking animals seriously : _cDavid DeGrazia. |
| 504 | _aIncludes bibliographical references and index. | ||
| 906 |
_a7 _bcbc _corignew _d1 _eocip _f19 _gy-gencatlg |
||
| 942 |
_2ddc _cBK |
||
| 999 |
_c44541 _d44541 |
||